=LDR 00000nam 2200000 4500 =001 000925 =005 20250712124741 =035 ##$$a 0010-0725000803 =007 ta =008 250712################a##########0#ind## =020 ##$$a 978-623-472-700-5 =082 ##$$a 398.209 598 =084 ##$$a 398.209 598 SAN p =100 #$$a Sanjay sanjiv =245 1#$$a Pegulat ji /$c Sanjiv jaiswal 'sanjay' =250 ##$$a Cetakan pertama =260 ##$$a Rawamangun :$b Badan pengembangan dan pusat bahasa,$c 2022 =300 ##$$a 24 hlm. : $b Ilus. ; $c 22,9 cm. =650 #4$$a Cerita anak indonesia-terjemahan =650 #4$$a Literasi-bahan bacaan